Quizzes
Events
Quiz Creation
Community
Videos
Private Events
Remove Ads
Sign In
Join for FREE
Feedback
Dark Mode
Quiz Categories
Sports
Geography
Music
Movies
Television
Just For Fun
Miscellaneous
History
Literature
Language
Science
Gaming
Entertainment
Religion
Holiday
For Kids
Quiz Lab
Recent
Popular Today
Quiz Kudos Today
Editor Picks
Curator Picks
Quizzes by...
Day
Popularity
Type
Ratings
Length
Year
Community
Subscriptions
Recent Discussions
Orange Saloon
Badges
Playlists
Quests
Create
Leaderboards
Showdown
Live 5
Trivia Bingo
Activity
Puzzle Library
Sporcle Events
Private Events
Virtual Trivia
Globe League
Become a Host
Pub Owners
SporcleCon
Opinionation
Our Games
Videos
Blog
Mobile Apps
Partnerships
Remove Ads and Go Orange
Feedback
Movies
Disney
Marvel Cinematic Universe
Movie Resume
Movie Titles
Oscar
Actor
Actress
Director
Pixar
Role
Movie Quotes
Movie Characters
Box Office
Nominee
Best Picture
Star Wars
James Bond
Horror Movies
Movies
Disney
Marvel Cinematic Universe
Movie Resume
Movie Titles
Oscar
Actor
Actress
Director
Pixar
Role
Movie Quotes
Movie Characters
Box Office
Nominee
Best Picture
Star Wars
James Bond
Horror Movies
Random Quiz
Search Sporcle
×
Quiz Lab
Quiz Lab
Movies
foreign
Type in answers that appear in a list
Type in answers that appear in a list
Classic
Best Score? Go Orange.
Popular Foreign Films by their Original Title Stats
Can you name the english title of these popular foreign language films?
By
GerryBaboona
5m
16 Questions
139 Plays
139 Plays
139 Plays
Comments
Comments
Give Quiz Kudos
Give Quiz Kudos
-
- Ratings
hide this ad
Replay
Link that replays current quiz
Next Quiz
Link to next quiz in quiz playlist
You Got
0%
They Got
Avg Score
56%
Avg Friend Score
Upgrade to see
Score Distribution
Jump to the score distribution portion of the page
Score
0/16
Timer
05:00
0
Plays Today
Original Title (Country)
% Correct
Diarios de motocicleta (Argentina)
The Motorcycle Diaries
90.6%
El laberinto del fauno (Mexico)
Pan's Labyrinth
89.9%
La vita è bella (Italy)
Life is Beautiful
86.3%
Cidade de Deus (Brazil)
City of God
86.3%
Lola rennt (Germany)
Run Lola Run
77.7%
Das Leben der Anderen (Germany)
The Lives of Others
72.7%
Como agua para chocolate (Mexico)
Like Water for Chocolate
67.6%
Låt den rätte komma in (Sweden)
Let the Right One In
64.7%
Original Title (Country)
% Correct
Todo sobre mi madre (Spain)
All About My Mother
64%
Män som hatar kvinnor (Sweden)
The Girl with the Dragon Tattoo
41.7%
Wòhǔ Cánglóng (Taiwan)
Crouching Tiger, Hidden Dragon
39.6%
Mar adentro (Spain)
The Sea Inside
37.4%
Jodái-
e Náder az Simin (Iran)
A Separation
37.4%
Ying xiong (China)
Hero
36%
La misma luna (Mexico)
Under the Same Moon
5%
Tom yum goong (Thailand)
The Protector
1.4%
Quiz Playlist
Details
Report
Send in Message
Add To Playlist
Classic:
Type in answers that appear in a list
Last Updated: Feb 16, 2017
Quiz Scoreboard
CHALLENGE
Sign Up to Join the Scoreboard
Show All
Scores
Hide
Comments
May contain spoilers
Recently Published
Movies - When Are They Set?
by FPL_Elf
Movies
5m
Popular People in 1961
by mucciniale
History
6m
1-10 Letter E Words III
by El_Dandy
Language
2m
More to Explore
Quiz From the Vault
Featured Blog Post
Where Did the Easter Bunny Come From?
hide this ad
You Might Also Like...
Tags
foreign
subtitle
Today's Top Quizzes in Movies
Browse Movies
hide this ad
Today's Top Quizzes in foreign
Browse foreign
Top Contributed Quizzes in Movies
1
Pick 5 Posters: Directed by Spielberg
2
Multi-Oscar Nominations, One Movie, One Winner
3
One Thing in Common: Movies
4
12 Movies about Fictional 1960s Events
5
One Thing in Common: Movies II
6
Sunday Crossword: Film Score Composers
7
Three Word 'H' Movies Match Up
8
Three Word 'T' Movies Match Up
9
One Thing in Common: Oscars
10
Three Word 'M' Movies Match Up
Explore More
Trending Topics
Harry Potter
Disney
Crossword
Kpop
Anime
NBA
Marvel
Puzzle
Country
WWE
The Office
Pokémon
Song
NFL
Soccer
hide this ad
More By:
GerryBaboona
Quiz
Plays
Rating
Category
Featured
Created
Rhymes with 'And'
153,258
4.54
Language
Jul 10, 2013
Country Triplets
129,303
4.70
Geography
Aug 21, 2013
Country Triplets II
110,527
4.66
Geography
Aug 22, 2013
Country Triplets III
73,235
4.62
Geography
Aug 24, 2013
Countries with Initial Letter Repeated (Blitz)
54,632
4.48
Geography
Aug 27, 2014
Go to Creator's Profile
Score Distribution
Quiz Creator Spotlight
GerryBaboona
Follow
Send a Message
Quizzes Created
-
Created Quiz Play Count
-
More By This Creator
Popular Quizzes Today
1
Find the Countries of Europe - No Outlines Minefield
2
Find the US States - No Outlines Minefield
3
The Countries of the World
4
Popular People in 1961
5
US States
6
1-10 Letter E Words III
7
Find the US States
8
One Thing in Common: World Cities II
More Movies Quizzes
Robert Rodriguez Movies
Published
Trending Quizzes
Risky Map Clicking: Least Populous States A-Z
1-10 Letter F Words
1-10 Letter G Words
One Thing in Common: United Kingdom
Risky Map Clicking: Next State Alphabetically
Recently Updated
Leaping Animals
pecheneg
Reality TV Shows (A-Z)
bhenderson79
Rickey Henderson's Hall of Fame Teammates
pecheneg
Champions League XIs: Arsenal
pecheneg
Quick Pick: Celebrities in WWE's Hall of Fame
aduchscher
A-Z Keypad Blitz II
pecheneg
Multiple Oscar Actors
pecheneg
Mystery Phrase Blitz: Oscar 'Best Actors'
pecheneg
F. Scott Fitzgerald Novels
LTH
Pick 3 Villains
ddd62291
Trending Topics
Marvel
Disney
Harry Potter
Kpop
Anime
Crossword
NBA
The Office
WWE
Song
Pokémon
Soccer
NFL
Puzzle
Country
Your Account Isn't Verified!
In order to create a playlist on Sporcle, you need to verify the email address you used during registration. Go to your
Sporcle Settings
to finish the process.
Report this User
Report this user for behavior that violates our
Community Guidelines
.
Details:
Send Report
Go to the Sporcle.com Mobile Site →
Comments